The Quraan and modernism : (Record no. 193653)
[ view plain ]
| 000 -LEADER | |
|---|---|
| fixed length control field | 00914 a2200205 4500 |
| 003 - CONTROL NUMBER IDENTIFIER | |
| control field | NUST |
| 005 - DATE AND TIME OF LATEST TRANSACTION | |
| control field | 20221207170827.0 |
| 010 ## - LIBRARY OF CONGRESS CONTROL NUMBER | |
| LC control number | 00283211 |
| 020 ## - INTERNATIONAL STANDARD BOOK NUMBER | |
| International Standard Book Number | 9698373012 |
| 035 ## - SYSTEM CONTROL NUMBER | |
| System control number | (DLC) 00283211 |
| 040 ## - CATALOGING SOURCE | |
| Transcribing agency | Nust |
| 082 00 - DEWEY DECIMAL CLASSIFICATION NUMBER | |
| Classification number | 297,HUS |
| 100 1# - MAIN ENTRY--PERSONAL NAME | |
| Personal name | Hussain, Iqbal S. |
| 9 (RLIN) | 328 |
| 245 14 - TITLE STATEMENT | |
| Title | The Quraan and modernism : |
| Remainder of title | beyond science & philosophy / |
| Statement of responsibility, etc. | Iqbal S. Hussain. |
| 250 ## - EDITION STATEMENT | |
| Edition statement | 1st. ed. |
| 260 ## - PUBLICATION, DISTRIBUTION, ETC. | |
| Place of publication, distribution, etc. | Lahore : |
| Name of publisher, distributor, etc. | Adabistan, |
| Date of publication, distribution, etc. | 2000. |
| 300 ## - PHYSICAL DESCRIPTION | |
| Extent | xix,473 p. : |
| Dimensions | 22 cm. |
| 505 ## - FORMATTED CONTENTS NOTE | |
| Formatted contents note | From Revelation To Interpretation (Page-15), Final Version Of The Ultimate Issue (Page-61), From Revelation To Exploration (Page-83), Religion, Sciences And Modernism (Page-106), Philosophy Of Creative Existence (Page-136), The Rhythm Of Life (Page-169), Morality And Modernism (Page-190), Culture Of Corruption (Page-216), Knowledge And Wisdom (Page-274), Prophets And Prophecy (Page-394). |
| 942 ## - ADDED ENTRY ELEMENTS (KOHA) | |
| Source of classification or shelving scheme | |
| Koha item type | Book |
| Call number prefix | 297,HUS |
| Withdrawn status | Lost status | Source of classification or shelving scheme | Damaged status | Not for loan | Permanent Location | Current Location | Shelving location | Date acquired | Full call number | Barcode | Date last seen | Price effective from | Koha item type | Public note |
|---|---|---|---|---|---|---|---|---|---|---|---|---|---|---|
| Military College of Signals (MCS) | Military College of Signals (MCS) | General Stacks | 12/12/2016 | 297,HUS | MCS28403 | 12/08/2016 | 12/12/2016 | Book | Almirah No.47, Shelf No.1 |
